<?xml version='1.0' encoding='UTF-8'?>
  <record xmlns="http://www.loc.gov/MARC21/slim">
    <leader>00000cam a2200000 i 4500</leader>
    <controlfield tag="001">ocm64475108</controlfield>
    <controlfield tag="003">OCoLC</controlfield>
    <controlfield tag="005">20260127152323.1</controlfield>
    <controlfield tag="008">870309s1873    ne            000 0 lat d</controlfield>
    <datafield tag="040" ind1=" " ind2=" ">
      <subfield code="a">NLGGC</subfield>
      <subfield code="b">dut</subfield>
      <subfield code="e">fobidrtb</subfield>
      <subfield code="c">NLGGC</subfield>
      <subfield code="d">OCLCO</subfield>
      <subfield code="d">OCLCL</subfield>
      <subfield code="d">OCLCQ</subfield>
    </datafield>
    <datafield tag="019" ind1=" " ind2=" ">
      <subfield code="a">67414006</subfield>
    </datafield>
    <datafield tag="029" ind1="0" ind2=" ">
      <subfield code="a">NLGGC</subfield>
      <subfield code="b">036823287</subfield>
    </datafield>
    <datafield tag="029" ind1="1" ind2=" ">
      <subfield code="a">NLGGC</subfield>
      <subfield code="b">201432390</subfield>
    </datafield>
    <datafield tag="035" ind1=" " ind2=" ">
      <subfield code="a">(OCoLC)64475108</subfield>
      <subfield code="z">(OCoLC)67414006</subfield>
    </datafield>
    <datafield tag="245" ind1="0" ind2="0">
      <subfield code="a">De cultu publico servae Dei Liduinae virginis Schiedamensis sanctae nuncupatae apostolica auctoritate approbando :</subfield>
      <subfield code="b">libellus supplex /</subfield>
      <subfield code="c">quem sanctissimo domino nostro Pio Pont. IX. gloriose regnanti obtulit Gerardus Petrus Wilmer.</subfield>
    </datafield>
    <datafield tag="246" ind1="3" ind2=" ">
      <subfield code="a">Memoriale de servae Dei Liduinae, virginis schiedamensis, sanctae nuncupatae, vita, miraculis et cultu</subfield>
    </datafield>
    <datafield tag="260" ind1=" " ind2=" ">
      <subfield code="a">Schiedami :</subfield>
      <subfield code="b">Langendam,</subfield>
      <subfield code="c">1873.</subfield>
    </datafield>
    <datafield tag="300" ind1=" " ind2=" ">
      <subfield code="a">20, XXXII p. ;</subfield>
      <subfield code="c">31 cm.</subfield>
    </datafield>
    <datafield tag="336" ind1=" " ind2=" ">
      <subfield code="a">tekst</subfield>
      <subfield code="b">txt</subfield>
      <subfield code="2">rdacontent/dut</subfield>
    </datafield>
    <datafield tag="337" ind1=" " ind2=" ">
      <subfield code="a">zonder medium</subfield>
      <subfield code="b">n</subfield>
      <subfield code="2">rdamedia/dut</subfield>
    </datafield>
    <datafield tag="338" ind1=" " ind2=" ">
      <subfield code="a">band</subfield>
      <subfield code="b">nc</subfield>
      <subfield code="2">rdacarrier/dut</subfield>
    </datafield>
    <datafield tag="500" ind1=" " ind2=" ">
      <subfield code="a">Voortitel: Memoriale de servae Dei Liduinae, virginis schiedamensis, sanctae nuncupatae, vita, miraculis et cultu.</subfield>
    </datafield>
    <datafield tag="530" ind1=" " ind2=" ">
      <subfield code="a">Ook beschikbaar in microvorm.</subfield>
    </datafield>
    <datafield tag="530" ind1=" " ind2=" ">
      <subfield code="a">Titel is geselecteerd voor digitalisering voor de Universiteit van Leiden in het kader van het Google Books-project.</subfield>
    </datafield>
    <datafield tag="600" ind1="0" ind2="4">
      <subfield code="a">Liduina,</subfield>
      <subfield code="c">van Schiedam,</subfield>
      <subfield code="d">1380-1433.</subfield>
      <subfield code="0">(NL-LeOCL)070670153</subfield>
    </datafield>
    <datafield tag="700" ind1="1" ind2=" ">
      <subfield code="a">Wilmer, Gerardus Petrus,</subfield>
      <subfield code="d">1800-1877.</subfield>
      <subfield code="1">https://id.oclc.org/worldcat/entity/E39PBJB49Jdyjrqk9HrC9kgFrq</subfield>
    </datafield>
    <datafield tag="758" ind1=" " ind2=" ">
      <subfield code="a">De cultu publico servae Dei Liduinae virginis Schiedamensis sanctae nuncupatae apostolica auctoritate approbando (Text)</subfield>
      <subfield code="1">https://id.oclc.org/worldcat/entity/E39PCXpvDRyydVqypg7k9hCTpd</subfield>
      <subfield code="4">https://id.oclc.org/worldcat/ontology/hasWork</subfield>
    </datafield>
    <datafield tag="776" ind1="0" ind2=" ">
      <subfield code="t">De cultu publico servae Dei Liduinae virginis Schiedamensis sanctae nuncupatae apostolica auctoritate approbando</subfield>
      <subfield code="w">(NL-LeOCL)411326813</subfield>
    </datafield>
    <datafield tag="936" ind1=" " ind2=" ">
      <subfield code="a">BATCHLOAD</subfield>
    </datafield>
  </record>